000 00907nam a2200265 a 4500
001 BRCA_4692
005 20190320204752.0
008 011010s1935----mx-a######---#000-0#spa-#
041 _aspaeng
044 _amx
050 4 _aND255
_b.V43 1935
100 1 _aVelázquez Chávez, Agustín
_911905
245 1 0 _aÍndice de la pintura mexicana = Index of Contemporary Mexican Painting
_cAgustín Velázquez Chávez.
260 _aMéxico
_bArte mexicano
_c1935
300 _a225 p.
_bil.
_c23 cm.
_e1 hoja plegable : suplementos de letras de México, Vol. 2, No. 14
500 _aEstado físico: Encuadernación deteriorada
500 _aD65
504 _aBibliografía: p. 221-222
650 1 4 _aPintura mexicana
_93715
650 1 4 _aPintores mexicanos
_94220
710 2 _aTalleres Gráficos de la Nación
_911906
740 0 _aIndex of Contemporary Mexican Painting
902 _aGFM
942 _2lcc
_cB
999 _c4392
_d4392